000 02962nam a2200301 i 4500
001 991027330935107026
003 UkOxU
005 20250908093913.0
008 210126s2024 enka b 001|0|eng|d
020 _a9781292461052
040 _aStDuBDS
_beng
_erda
_cStDuBDS
_dUk
_dUkOxU
041 _aEnglish
100 _aSlack, Nigel
_eauthor.
_92679
245 1 0 _aOperations and process management
_b: principles and practice for strategic impact
_c/ Nigel Slack, Alistair Brandon-Jones, Nicola Burgess..
250 _aSeventh edition.
264 1 _aHarlow, England :
_bPearson,
_c[2041]
300 _axx, 586 pages :
_billustrations (colour) ;
_c27 cm
500 _aPrevious edition: 2021.
504 _aIncludes bibliographical references and index.
505 _aOperations and Processes — Operations and Strategy Impact — Product and Service Innovation — Scope and Structure — Process Positioning — Process Analysis — Supply Chain Management — Capacity Management — Inventory Management — Operations Planning and Control — Improvement — Lean Operations — Quality — Risk and Resilience — Project Management.
520 _aMaster the core subject principles of business operations and processes Operations and Process Management 7th edition is the ultimate text for those wishing to successfully manage business operations, equipping you with the critical and practical tools to manage business operations successfully. A must-read textbook for students who want to embark on a career in the field of operations, it approaches each topic from a managerial perspective, providing a relevant, real-world understanding of the core principles of the subject. With a range of examples, frameworks and techniques incorporated in each chapter, the book is designed to help you better analyse existing operations and understand ways to deal with operational and process challenges. Key features: Updated case studies drawing from a diverse range of industries and organisations from around the globe. New 'Responsible Operations' sections, introduced in all chapters, highlighting the ethical, social and environmental issues associated with operations decisions. A focus on recent developments reflecting the shifting operations environment, including the implications of hybrid working, increased volatility in supply chains, and updated coverage of agile project management. This text is for everyone wanting to understand the nature, principles and practice of operations and process management. It is aimed primarily at students with some management experience or those about to begin their career in management.
650 0 _aProduction planning
_93492
650 0 _aBusiness logistics
_92448
700 _aBrandon-Jones, Alistair
_eauthor.
_911464
700 _aBurgess, Nicola
_eauthor.
_924248
856 _uhttps://bibliotheque.tbs-education.fr/Default/doc/SYRACUSE/3386397/operations-and-process-management
942 _2lcc
999 _c4917
_d4917